1249 1209 1863 1417 1746 1047 1748 1416 1550 1969 1976 1067 1516 1374 1854 1720 1487 1534 1492 1872 1374 1501 1805 1879 1001 1703 1881 1729 1551 1450 1643 1508 1098 1479 1993 1828 1268 1490 1246 1428 1214 1225 1901 1492 1056 1857 1111 1828 1406 1800 1657 1766 1957 2000 1623 1450 1558 1932 1629 1911 1366 1384 1132 1687 1519 1937 1113 1102 1958 1273 1529 1417 1399 1545 1774 1714 1222 1617 1310 1893 1790 1006 1532 1974 1211 1070 1971 1827 1838 1397 1827 1751 1208 1404 1672 1349 1126 1365 1465 BCNSPRNW ULIB Ver.6.0+V

เปลี่ยนเป็นภาษาไทย

Change to English
 แสดงรายละเอียดบรรณานุกรม
  กลับหน้าหลัก

Brief Record : Get Marc (ISO 2709) : E-mail record : QR code < ปิดหน้าต่าง
LEADER : 00000nam 2200000uu 4500
001    13399127988
003     ULIB
008    211129s2563||||th 000 0 tha d
020    ^a9786165680349
050  4 ^aHF1118^bค695
245 00 ^aคู่มือติวสอบ CU Best : ตะลุยโจทย์ (TESTS & TRICKS) /^cโดย CU Best Club
250    ^aพิมพ์ครั้งที่ 2
260    ^aกรุงเทพฯ :^bส.พิจิตรการพิมพ์,^c2563
300    ^a355 หน้า :^bภาพประกอบ ;^c25 ซม.
650  4 ^aข้อสอบและเฉลย
945    ^p360^l0^i008566
999    ^aอังศุธร กาญจนาโรจน์พันธ์
รายการนี้ยังไม่มีแท็ก
คุณยังไม่ได้ล็อกอิน คุณสามารถมีกิจกรรมร่วมกับเว็บไซต์ได้ แต่ต้องล็อกอินก่อน ::
  ล็อกอิน

รายการสื่อสารสนเทศ

ลำดับที่ ประเภท เลขเรียก/บาร์โค้ด สถานที่ สถานะ
1. การศึกษาทั่วไป
หนังสือสำรอง
สถานะ=หนังสือสำรอง
HF1118 ค695 ฉ.1 
  Barcode: 008566
ห้องสมุดวิทยาเขตสวรรค์ประชารักษ์
►หนังสือทั่วไป
บนชั้น

รายการใกล้เคียง
    หัวเรื่อง [ข้อสอบและเฉลย]

BibComment


ยังไม่เคยถูกคอมเมนท์

คอมเมนท์ทรัพยากรรายการนี้
  คอมเมนท์: คู่มือติวสอบ CU ..


 Copyright 2026. Bcnsprnw @Library